برما يقابل ريا وسكينة : (Record no. 17809)

MARC details
000 -الفاتح
حقل البيانات ثابتة الطول 01133nam a2200289 4500
003 - محدد رقم الضبط
رقم الضبط EG-ScBUE
005 - وقت وتاريخ اخر تعامل مع التسجيلة
رقم الضبط 20210525101955.0
008 - عناصر البيانات ثابتة الطول - معلومات عامة
حقل البيانات ثابتة الطول 131209t2010 ua f 000 h ara d
020 ## - الرقم الدولى المعيارى للكتب
الرقم الدولى المعيارى للكتاب 9789773991529
040 ## - مصدر الفهرسة
وكالة الفهرسة الأصلية EG-ScBUE
لغة الفهرسة ara
قواعد الوصف rda
وكالة النسخ EG-ScBUE
وكالة التعديل EG-ScBUE
082 04 - رقم تصنيف ديوى العشرى
رقم التصنيف 892.78702
رقم المادة ط ا هـ
رقم الطبعة 22
100 1# - المدخل الرئيسى - إسم شخصى
الإسم الشخصى طاهر، عمر،
الدور مؤلف.
9 (RLIN) 34589
245 10 - بيان العنوان
العنوان برما يقابل ريا وسكينة :
بقية العنوان ألبوم اجتماعي غامض /
بيان المسئوليه,etc عمر طاهر.
246 34 - العنوان الموازى
عنوان صحيح/عنوان مختصر برما يقابل ريا وسكينة :
بقية العنوان ألبوم اجتماعي غامض
250 ## - بيان الطبعة
بيان الطبعة الطبعة الثانية.
264 #1 - النشر، التوزيع
مكان الناشر او الموزع القاهرة :
اسم الناشر او الموزع أطلس للنشر والانتاج الإعلامي /
تاريخ النشر أو التوزيع 2010.
300 ## - الوصف المادى
التعداد 216 صفحة ؛
أبعاد الوعاء 19 سم
336 ## - نوع المحتوى
source rdacontent
Carrier Type Term نص
Content Type Code txt
337 ## - نوع الوسيط
source rdamedia
Media Type Term بدون وسيط
Media Type Code n
338 ## - نوع الحامل أو الناقل
source rdacarrier
Carrier Type Term مجلد
Carrier Type Code nc
590 ## - تبصرة محلية(RLIN)
تبصرة محلية Book for the road program.
650 #7 - المدخل الاضافى بالموضوع-مصطلح موضوعى
9 (RLIN) 34609
مصطلح موضوعي أو اسم جغرافي كعنصر مدخل الأهاجي والفكاهات العربية
التقسيم الفرعي الجغرافي مصر
التقسيم الفرعي الزمني قرن 21.
مصدر الرأس أو المصطلح BUEsh
651 ## - المدخل الاضافى بالموضوع - اسم جغرافى
مصدر الرأس أو المصطلح BUEsh
653 ## - مصطلح تكشيفى غير مقيد
Arrived date list December2013
Resource For college Arabic Literature
655 ## - مصطلح تكشيفى-نوع/شكل
التقسيم الفرعي الشكلي Reading book
-- 34232
942 ## - عناصر المدخل الإضافي( كوها)
مصدر التصنيف او مخطط الترفيف Dewey Decimal Classification
Koha [default] item type Book - Borrowing
سابقة رقم الطلب 817 ط ا هـ
Holdings
حالة التراجع حالة الفقد مصدر التصنيف او خطة الترفيف حالة تلف ليس للاعارة مجموعات كوها المكان الدائم المكان الحالي موقع الترفيف تاريخ الاكتساب سعر الشراء الطبيعي رقم الاستدعاء الباركود Date last seen مُعار التكلفة نوع الوعاء
    Dewey Decimal Classification     سور الازبكية Central Library Central Library Second Floor 09/12/2013 15.00 892.78702 ط ا هـ 000035142 15/07/2025 20/02/2025 18.75 Book - Borrowing